000 00300nam a22001337a 4500
008 170216b xxu||||| |||| 00| 0 eng d
020 _a9780834207363
041 _aeng
080 _24ED
_a61
100 _a4
101 _aSHM
245 _aESSENTIALS HEALTH CARE FINANCE
_cCLEVERLEY
942 _2udc
_cBK
999 _c5616
_d5616